| 000 | 00666nam a2200265Ia 4500 | ||
|---|---|---|---|
| 008 | 160803s9999 xx 000 0 und d | ||
| 020 | _a978-0439651387 | ||
| 100 | _aKorman, Gordon | ||
| 245 | _aNow you see them, now you don't / | ||
| 245 | _cGordon Korman. | ||
| 260 | _aNew York : | ||
| 260 | _bScholastic Inc. | ||
| 260 | _c2005 | ||
| 300 | _a146 pages ; | ||
| 300 | _c20 cm. | ||
| 440 | _aOn the run ; chase | ||
| 440 | _v#3 | ||
| 650 | _aAdventure and adventurers -- | ||
| 650 | _aBrothers and sisters -- | ||
| 650 | _aFugitives from justice -- | ||
| 650 | _xFiction. | ||
| 650 | _xFiction. | ||
| 650 | _xFiction. | ||
| 700 | _a740 | ||
| 999 |
_c298697 _d298697 |
||